000
00296nam a2200121Ia 4500
008
191201s2014 xx 000 0 und d
100
_a
AGGARWAL, K K
245
0
_a
Software Engineering
250
_a
Rep
260
_c
2014
_b
New Age International
_a
NEW DELHI
300
_a
507
942
_2
ddc
_c
BK
_0
53
999
_c
7908
_d
7908